Statistics for Manchester United 1-2 Swansea 16/08/14

Click here to take the quiz!

General Stats

  • This quiz has been taken 151 times
  • The average score is 5 of 10

Answer Stats

HintAnswer% Correct
Stadium match was played inOld Trafford
99%
Manager taking charge of first premier league matchLouis van Gaal
84%
Player who got bird poo in his mouthYoung
59%
Scorer of second goalRooney
58%
Scorer of First GoalKi
53%
Manager of SwanseaGarry Monk
51%
Time of first goal28
40%
Scorer of third goalSigurdsson
40%
Time of second goal53
31%
Time of third goal72
29%

Score Distribution

Percentile by Number Answered

Percent of People with Each Score

Your Score History

You have not taken this quiz